San Francisco 49ers Head Coaches - Statistics

General Stats
  • This quiz has been taken 100 times
  • The average score is 9 of 21
Answer Stats
Era Hint Answer % Correct
San Francisco 49ers 2017-present Kyle Shanahan
96%
San Francisco 49ers 1979-1988 Bill Walsh
94%
San Francisco 49ers 2011-2014 Jim Harbaugh
83%
San Francisco 49ers 1989-1996 George Seifert
78%
San Francisco 49ers 2010* Jim Tomsula
59%
San Francisco 49ers 2015 Jim Tomsula
59%
San Francisco 49ers 2008-2010 Mike Singletary
58%
San Francisco 49ers 2016 Chip Kelly
55%
San Francisco 49ers 1997-2002 Steve Mariucci
52%
San Francisco 49ers 1968-1975 Dick Nolan
43%
San Francisco 49ers 2005-2008 Mike Nolan
43%
San Francisco 49ers 2003-2004 Dennis Erickson
32%
San Francisco 49ers 1946-1954 Buck Shaw
19%
San Francisco 49ers 1959-1963 Red Hickey
17%
San Francisco 49ers 1956-1958 Frankie Albert
16%
San Francisco 49ers 1955 Red Strader
16%
San Francisco 49ers 1978* Fred O'Connor
13%
San Francisco 49ers 1963-1967 Jack Christiansen
13%
San Francisco 49ers 1977 Ken Meyer
13%
San Francisco 49ers 1976 Monte Clark
13%
San Francisco 49ers 1978 Pete McCulley
13%
No matching quizzes found
Score Distribution
Percent of People with Each Score
Percentile by Number Answered
Your Score History
You have not taken this quiz